000 00537nam a2200169Ia 4500
008 151021s9999 xx 000 0 und d
020 _a131451391
050 _aGB54.5.M39 2005
245 _a_Physical Geography A landscape Appreciation[ 8th ed]
260 _aUSA Pearson 2005
300 _axxix,559p;ill.
500 _aIncludes index and bibliographical reference
500 _aIncludes index and bibliographical reference
650 _a_Physical geography
700 _a_Darrel Hess
980 _a^d20130521 10:23:16^oanne
999 _c13530
_d13530